000 00613nam a2200193 i 4500
001 23757
003 ES-MaACL
005 20230906152930.0
007 t|
008 021212s1978 sp ||||1| spa d
100 1 _aAnderson, Harold H.
_921447
245 1 0 _aTécnicas proyectivas del diagnóstico psicológico /
_cAnderson y Anderson, Harold H. Anderson ; [traducida por Helena Estellés].
250 _a4ª ed.
260 _aMadrid :
_bRialp,
_c[1978]
300 _a800 p. ;
_c24 cm.
700 0 _aEstellés, Helena.
_948099
700 1 _aAnderson y Anderson.
_921477
852 _aES-MaACL
_jA-92602
_bR.97861
999 _c23757
_d23757